Top 15 Countries with Covid-19 Cases - 6 October - Statistics

General Stats
  • This quiz has been taken 29 times
  • The average score is 14 of 24
Answer Stats
country % Correct
United States
100%
Brazil
96%
Spain
89%
United Kingdom
89%
France
86%
India
86%
Argentina
82%
Mexico
82%
Russia
82%
Peru
68%
Colombia
64%
Chile
61%
Chile
61%
Iran
57%
South Africa
39%
Iraq
36%
Panama
36%
Israel
29%
Kuwait
29%
Bahrain
25%
Qatar
25%
Costa Rica
18%
Oman
18%
Armenia
14%
No matching quizzes found
Score Distribution
Percent of People with Each Score
Percentile by Number Answered
Your Score History
You have not taken this quiz